| 000 | 00581nam a22001817a 4500 | ||
|---|---|---|---|
| 999 |
_c167532 _d167532 |
||
| 005 | 20191003125124.0 | ||
| 010 | _aENG-126430 | ||
| 020 |
_a9788178443195 _c595.00 |
||
| 035 | _aEN-109962 | ||
| 037 | _bDBAD/PUB | ||
| 082 | _a025 | ||
| 100 | _aBhatt,R.K. | ||
| 245 |
_aThe Survival Kit For Library/ _cBy R.K.Bhatt |
||
| 260 |
_bK.K.Publications _c2018 _aNew Delhi |
||
| 270 |
_minfo@kkpublications.com _mkkdevinder@vsnl.net _a4806/24,Bharat Ram Road,Darya Ganj _bNew Delhi _k011-23285167,65185557 |
||
| 300 |
_axii188p. _c25cm.(hb) |
||
| 942 |
_2ddc _cEN _h025 _mBHA |
||